Cronología Herediana (Record no. 74738)
[ view plain ]
| 000 -LEADER | |
|---|---|
| campo de control de longitud fija | 00477nam a2200157 i 4500 |
| 001 - NÚMERO DE CONTROL | |
| campo de control | 74738 |
| 003 - IDENTIFICADOR DE NÚMERO DE CONTROL | |
| campo de control | ES-MaACL |
| 005 - FECHA Y HORA DE LA ÚLTIMA TRANSACCIÓN | |
| campo de control | 20230906172229.0 |
| 007 - CAMPO FIJO DE DESCRIPCIÓN FÍSICA--INFORMACIÓN GENERAL | |
| campo de control de longitud fija | t| |
| 008 - DATOS DE LONGITUD FIJA--INFORMACIÓN GENERAL | |
| campo de control de longitud fija | 040920s1938 cu ||||1| spa d |
| 100 1# - ENTRADA PRINCIPAL--NOMBRE DE PERSONA | |
| Nombre de persona | González del Valle, Francisco. |
| 9 (RLIN) | 58591 |
| 245 10 - MENCIÓN DEL TÍTULO | |
| Título | Cronología Herediana |
| Resto del título | : (1803-1839) / |
| Mención de responsabilidad, etc. | Francisco González del Valle. |
| 260 ## - PUBLICACIÓN, DISTRIBUCIÓN, ETC. | |
| Lugar de publicación, distribución, etc. | La Habana : |
| Nombre del editor, distribuidor, etc. | [s.n.], |
| Fecha de publicación, distribución, etc. | 1938 ( |
| Fabricante | Imp. Montalvo y Cárdenas) |
| 300 ## - DESCRIPCIÓN FÍSICA | |
| Extensión | 331 p. ; |
| Dimensiones | 21 cm. |
| 852 ## - LOCALIZACIÓN | |
| Ubicación | ES-MaACL |
| Número de control de estantería | A-4637 |
| Estatus retirado | Estado de pérdida | Estado de daño | No para préstamo | Biblioteca de origen | Biblioteca actual | Ubicación en estantería | Fecha de adquisición | Fuente de adquisición | Total de préstamos | Signatura topográfica completa | Código de barras | Visto por última vez | Precio de reemplazo | Tipo de ítem Koha |
|---|---|---|---|---|---|---|---|---|---|---|---|---|---|---|
| Biblioteca del Ateneo de Madrid | Biblioteca del Ateneo de Madrid | Sala Pecera Planta 1 | 17/01/2008 | A-4637 | 1078234 | 23/02/2023 | 23/02/2023 | Libro impreso |
